Регионална библиотека "Любен Каравелов" - Русе

Български балади (Запис номер 186067)

MARC детайли
000 -Лидер
Контролно поле с фиксирана дължина 01009nam a2200313 c 4500
003 - Код на организацията, давaща контролен номер
Контролно поле BLK
005 - Дата и час на последна редакция
Контролно поле 20241204161603.0
008 - Елементи от данни с фиксирана дължина
fixed length control field 180411b bul|||||r ||||||| ||bul||
010 ## - Наследен системен номер
LC control number KNG00195061000
040 ## - Източник на каталожния запис
Идентификатор на билиотеката - собственик на записа BLK
041 ## - Код за език
Код за езика на текст/звукозапис или на отделно заглавие Български
Код за езика КДБФ Български
080 ## - УДК
Текстов определител УДК Българска литература
УДК код - определител по УДК 821.163.2
УДК определител -1
УДК - код + определител 821.163.2-1
100 ## - Редна дума - Автор
Автор Марковски, Венко
Дати, свързани с автора 1915 - 1988
Пълна форма на името Тошев, Венеамин Миланов
R(LIN) 280291
139 ## - Редно поле
Редна дума Марковски, Венко
Авторски знак Марк - М 32
245 10 - Сведения за заглавието
Заглавие Български балади
Редно поле (дума) Венко Марковски.
257 ## - Страна на издаване
Страна на създаване/издаване България
260 ## - Област на издателските данни
-- София
Име на издателя, разпространителя и проч. Воен. изд.
Година на издаване 1986
300 ## - Физическа характеристика
Страници 167 с.
Илюстрации и др. с портр.
Размери/Мащаб 21 см
380 ## - Жанр
Жанр Худож. лит.
500 ## - Общи забележки
Забележка 2 735 тир.
653 ## - Ключова дума – ненормативна
Ключова дума поезия
653 ## - Ключова дума – ненормативна
Ключова дума балади
852 ## - Местоположение
Форматна сигнатура Цб 146005
856 4# - Електронен адрес и достъп
Електронен формат pdf - файл
Път до файла /url/
856 4# - Електронен адрес и достъп
Електронен формат pdf - файл
Път до файла /url/
942 ## - АРТИКУЛИ
Вид на библиотечния материал Книги
Скрит в OPAC Не
944 ## - СЪЗДАВАНЕ И РЕДАКЦИЯ на ЗАПИСА
Създаване/Редакция Създаване
Дата на регистрацията/редакция 03.11.2016
Служител, извършил регистрацията/редакцията 30550
Статус, дата на статуса Кети Илиева
944 ## - СЪЗДАВАНЕ И РЕДАКЦИЯ на ЗАПИСА
Създаване/Редакция Редакция
Дата на регистрацията/редакция 03.11.2016
Служител, извършил регистрацията/редакцията Елица_Владова
999 ## - СИСТЕМНИ КОНТРОЛНИ НОМЕРА
Koha biblionumber 186067
Koha biblioitemnumber 186067
Наличности
Код за отписване Код за изгубен артикул Източник на класификационната схема Код за повреда Коз за рестрикции Код за отдаване Артикулен № Име на библиотеката - собственик Име на библиотеката, в която се намира в момента Статус (Текущо местоположение) Дата на вписване в системата Местоположение - отдел Цена в лева Инвентарен номер Систематично азбучна сигнатура Баркод Номер на екземпляра Цена в евро Служебна бележка Служебен тип на артикула Бележка за публиката
  Не е изгубен Universal Decimal Classification Не е повреден без рестрикции ползва се в читалня 323415 Регионална библиотека "Любен Каравелов" Русе Регионална библиотека "Любен Каравелов" Русе Хранилище 1986-01-01 Хранилище 1.42 471100 Цб 146005 120000471100 1 0.73 N: стар фонд Дата: 01.01.1986 Книги  
Изтеглен Не е изгубен   Не е повреден без рестрикции заемане за дома 323416 Регионална библиотека "Любен Каравелов" Русе Регионална библиотека "Любен Каравелов" Русе   1986-01-01 Заемна - подръчен фонд 1.42 474546 П 886.7-1/М 32 474546 2 0.73 N: стар фонд Дата: 01.01.1986 Книги Отч.N: 5 , Дата: 19.01.2018
Изтеглен Не е изгубен Universal Decimal Classification Не е повреден без рестрикции заемане за дома 323417 Регионална библиотека "Любен Каравелов" Русе Регионална библиотека "Любен Каравелов" Русе Заемна - подръчен фонд 1986-01-01 Заемна - подръчен фонд 1.42 474549 П 886.7-1/М 32 474549 3 0.73 N: стар фонд Дата: 01.01.1986 Дата инв: 14.02.2018 Бележки инв: П2018 Книги  
Vip Innovations Ltd, Rousse, Bulgaria 2025